[Event "Luanda Energias Cup"]
[Site "Luanda"]
[Date "2023.07.10"]
[Round "5"]
[White "Oliveira, Luciano"]
[Black "Domingos, Catarino"]
[Result "0-1"]
[WhiteElo "2135"]
[BlackElo "2201"]
[PlyCount "106"]
[EventDate "2023.07.08"]
[EventType "tourn"]
[EventRounds "9"]
[EventCountry "ANG"]
[SourceTitle "EXT 2024"]
[Source "ChessBase"]
[SourceDate "2023.10.10"]
[SourceVersion "1"]
[SourceVersionDate "2023.10.10"]
[SourceQuality "1"]

1. d4 d5 2. Nf3 e6 3. c4 dxc4 4. e3 a6 5. a4 c5 6. Bxc4 Nc6 7. Nc3 cxd4 8. exd4 Nf6 9. 0-0 Be7 10. h3 0-0 11. Be3 Nb4 12. Ne5 Qa5 13. Qb3 Nc6 14. Nf3 Qb4 15. Rfd1 Na5 16. Qxb4 Bxb4 17. Be2 Nd5 18. Nxd5 exd5 19. Bd2 Bxd2 20. Nxd2 Bf5 21. Bf3 Rfd8 22. Rac1 Nc6 23. Nf1 Rac8 24. Ne3 Be6 25. g4 Nxd4 26. Rxc8 Nxf3+ 27. Kg2 Nh4+ 28. Kg3 Rxc8 29. Kxh4 Rd8 30. Rd4 f6 31. Kg3 Kf8 32. Kf3 Rd7 33. a5 Ke7 34. Nc2 Rc7 35. Ne3 Kd6 36. Rb4 Bd7 37. Rb6+ Bc6 38. Nf5+ Kc5 39. Ke3 Bb5 40. Nd4 Kc4 41. Nf5 Bc6 42. Kd2 d4 43. b3+ Kc5 44. b4+ Kc4 45. Nd6+ Kd5 46. Nf5 g6 47. Ng3 Kc4 48. h4 Re7 49. b5 axb5 50. a6 Kc5 51. axb7 Rxb7 52. Ra6 b4 53. Ne2 Bb5 0-1

[Event "Luanda Energias Cup"]
[Site "Luanda"]
[Date "2023.07.09"]
[Round "3"]
[White "Oliveira, Luciano"]
[Black "Felix, Claudio"]
[Result "1-0"]
[WhiteElo "2135"]
[BlackElo "2004"]
[PlyCount "105"]
[EventDate "2023.07.08"]
[EventType "tourn"]
[EventRounds "9"]
[EventCountry "ANG"]
[SourceTitle "EXT 2024"]
[Source "ChessBase"]
[SourceDate "2023.10.10"]
[SourceVersion "1"]
[SourceVersionDate "2023.10.10"]
[SourceQuality "1"]

1. d4 Nf6 2. Nf3 e6 3. c4 Bb4+ 4. Bd2 Bxd2+ 5. Qxd2 b6 6. Nc3 Bb7 7. Qc2 0-0 8. e3 d5 9. cxd5 exd5 10. Bd3 h6 11. Ne5 c5 12. 0-0 Nc6 13. Nxc6 Bxc6 14. Ne2 c4 15. Bf5 Qe7 16. Ng3 g6 17. Bh3 h5 18. Rfe1 h4 19. Nf1 Ne4 20. Bg4 f5 21. Be2 Rac8 22. Nd2 Nxd2 23. Qxd2 Kg7 24. Rac1 Qg5 25. Bf3 Qe7 26. b3 cxb3 27. axb3 Qd6 28. Rc2 Bd7 29. Rec1 Rxc2 30. Rxc2 Rc8 31. Rxc8 Bxc8 32. Qc3 Bd7 33. b4 Qc6 34. Qa3 b5 35. h3 a6 36. Qa5 Be6 37. Qd8 Bf7 38. Qe7 Qc4 39. Kh2 Kg8 40. Qd6 Qa2 41. Qd8+ Kg7 42. Qxh4 Kg8 43. Qd8+ Kg7 44. Qe7 Kg8 45. Kg3 Qc4 46. Qd6 Kg7 47. Kh2 Kg8 48. g4 fxg4 49. hxg4 Qf1 50. Kg3 Qc4 51. g5 Kg7 52. Qc5 Qa2 53. Bg4 1-0

[Event "African Online op"]
[Site "Tornelo INT"]
[Date "2021.02.04"]
[Round "7"]
[White "Avelino, Fernandes"]
[Black "Oliveira, Luciano"]
[Result "1-0"]
[WhiteElo "1887"]
[BlackElo "2115"]
[PlyCount "97"]
[EventDate "2021.02.01"]
[EventType "swiss (rapid)"]
[EventRounds "9"]
[EventCountry "NET"]
[SourceTitle "CBM 200 Extra"]
[Source "ChessBase"]
[SourceDate "2021.03.31"]
[SourceVersion "1"]
[SourceVersionDate "2021.03.31"]
[SourceQuality "1"]

1. e4 c5 2. Bc4 e6 3. Nc3 Nc6 4. Nf3 Nf6 5. 0-0 d6 6. a3 Be7 7. Re1 a6 8. d3 0-0 9. Ba2 b5 10. Ne2 Bb7 11. Nf4 Qc7 12. Bxe6 fxe6 13. Nxe6 Qd7 14. Nxf8 Rxf8 15. h3 Nh5 16. c3 Nf4 17. Bxf4 Rxf4 18. Re3 Qe6 19. Qc2 Bc8 20. Rae1 Qg6 21. Nh2 Ne5 22. a4 Bh4 23. R1e2 Bg5 24. Rg3 Qh5 25. axb5 axb5 26. d4 Nc4 27. Nf3 Be7 28. b3 Nb6 29. e5 Qf7 30. exd6 Bxd6 31. Ng5 Qg6 32. Ne4 Qf5 33. Nxd6 Qxc2 34. Rxc2 cxd4 35. cxd4 Be6 36. Nxb5 Nd5 37. Nc7 Nxc7 38. Rxc7 g6 39. Rd3 Rf8 40. d5 Bf5 41. Rd4 Rb8 42. b4 h5 43. g4 hxg4 44. hxg4 Bb1 45. d6 Rd8 46. b5 Kf8 47. b6 Ke8 48. b7 Rxd6 49. b8Q+ 1-0

[Event "Olympiad-43"]
[Site "Batumi"]
[Date "2018.10.04"]
[Round "10.3"]
[White "Oliveira, Luciano"]
[Black "Kouya, Tyeoulou Bernardin"]
[Result "1-0"]
[WhiteElo "2216"]
[BlackElo "1753"]
[PlyCount "85"]
[EventDate "2018.09.24"]
[EventType "team-swiss"]
[EventRounds "11"]
[EventCountry "GEO"]
[SourceTitle "CBM 187"]
[Source "ChessBase"]
[SourceDate "2018.12.11"]
[SourceVersion "1"]
[SourceVersionDate "2018.12.11"]
[SourceQuality "1"]
[WhiteTeam "Angola"]
[BlackTeam "Ivory Coast"]
[WhiteTeamCountry "ANG"]
[BlackTeamCountry "IVO"]

1. d4 d5 2. Nf3 Nf6 3. c4 c6 4. Nc3 e6 5. e3 Nbd7 6. Bd3 Bd6 7. g4 0-0 8. g5 Ne8 9. Rg1 b6 10. cxd5 cxd5 11. h4 f5 12. Qb3 Nc7 13. h5 Bb7 14. Bd2 Rc8 15. a4 Kh8 16. Nh4 a6 17. Qd1 Be7 18. f4 Ne8 19. Ng6+ Kg8 20. Nxf8 Bxf8 21. Rc1 Nd6 22. b3 Rc7 23. Qe2 Nb8 24. Kf2 Be7 25. Rc2 Ne4+ 26. Bxe4 fxe4 27. Qg4 Bc8 28. Rgc1 e5 29. Qg3 exd4 30. exd4 Nc6 31. Ne2 Bb7 32. f5 Rc8 33. f6 Bf8 34. Qg4 Qd6 35. Bf4 Qb4 36. Qe6+ Kh8 37. Rxc6 Rxc6 38. fxg7+ Bxg7 39. Rxc6 Bxc6 40. Qxc6 Bxd4+ 41. Kg2 Qxb3 42. Qe8+ Kg7 43. h6# 1-0

[Event "Olympiad-43"]
[Site "Batumi"]
[Date "2018.10.03"]
[Round "9.3"]
[White "Oliveira, Luciano"]
[Black "Luke Brezmes, Cristofer"]
[Result "1/2-1/2"]
[WhiteElo "2216"]
[BlackElo "2124"]
[PlyCount "82"]
[EventDate "2018.09.24"]
[EventType "team-swiss"]
[EventRounds "11"]
[EventCountry "GEO"]
[SourceTitle "CBM 187"]
[Source "ChessBase"]
[SourceDate "2018.12.11"]
[SourceVersion "1"]
[SourceVersionDate "2018.12.11"]
[SourceQuality "1"]
[WhiteTeam "Angola"]
[BlackTeam "Andorra"]
[WhiteTeamCountry "ANG"]
[BlackTeamCountry "AND"]

1. d4 d5 2. Nf3 Nf6 3. c4 c6 4. Nc3 dxc4 5. a4 Bg4 6. e3 e6 7. Bxc4 Bb4 8. Qb3 Qe7 9. Ne5 Bf5 10. a5 Nbd7 11. Ra4 c5 12. Nxd7 Nxd7 13. dxc5 Bxc5 14. Qxb7 Rb8 15. Qf3 0-0 16. e4 Bg6 17. Qe2 Bb4 18. Ra1 Ne5 19. Ba6 Nc6 20. 0-0 Bxa5 21. Qc4 Ne5 22. Qd4 Qf6 23. Qe3 Bc7 24. h3 h6 25. Be2 Bb6 26. Qg3 Nc6 27. Bf4 Rbd8 28. Bc7 Bxc7 29. Qxc7 Nd4 30. Bd1 Rb8 31. Ra2 Nb5 32. Nxb5 Rxb5 33. Bf3 Rfb8 34. Qxa7 Rxb2 35. Rxb2 Rxb2 36. Qa8+ Kh7 37. Rd1 Bh5 38. Qa3 Bxf3 39. Qxf3 Qxf3 40. gxf3 Kg6 41. Rd7 Rb5 1/2-1/2

[Event "Olympiad-43"]
[Site "Batumi"]
[Date "2018.09.30"]
[Round "6.53"]
[White "Ramos Espinoza, Efren Andres"]
[Black "Oliveira, Luciano"]
[Result "1-0"]
[WhiteElo "2244"]
[BlackElo "2216"]
[PlyCount "75"]
[EventDate "2018.09.24"]
[EventType "team-swiss"]
[EventRounds "11"]
[EventCountry "GEO"]
[SourceTitle "CBM 187"]
[Source "ChessBase"]
[SourceDate "2018.12.11"]
[SourceVersion "1"]
[SourceVersionDate "2018.12.11"]
[SourceQuality "1"]
[WhiteTeam "Panama"]
[BlackTeam "Angola"]
[WhiteTeamCountry "PAN"]
[BlackTeamCountry "ANG"]

1. Nf3 d5 2. d4 Nf6 3. c4 e6 4. g3 Be7 5. Bg2 0-0 6. 0-0 a6 7. Nbd2 c5 8. dxc5 Bxc5 9. cxd5 exd5 10. Nb3 Ba7 11. Bg5 h6 12. Bf4 Nc6 13. Rc1 Qe7 14. Nfd4 Bd7 15. Be3 Qd6 16. Qd2 Rfe8 17. Bf4 Qe7 18. Rfd1 Rac8 19. Be3 Qf8 20. Nc2 Bg4 21. h3 Bh5 22. g4 Bg6 23. Bxa7 Nxa7 24. Ne3 Nc6 25. Nxd5 Nxd5 26. Bxd5 Rcd8 27. Qf4 Rxe2 28. Bxc6 bxc6 29. Re1 Rxb2 30. Rxc6 Rxa2 31. Qc4 Kh7 32. Nc1 Ra3 33. h4 a5 34. h5 Bd3 35. Qf4 Rd5 36. Rc7 Kg8 37. Ree7 Rc5 38. Rxf7 1-0

[Event "Olympiad-43"]
[Site "Batumi"]
[Date "2018.09.25"]
[Round "2.4"]
[White "Medina Viana, Ricardo"]
[Black "Oliveira, Luciano"]
[Result "0-1"]
[WhiteElo "2048"]
[BlackElo "2216"]
[PlyCount "117"]
[EventDate "2018.09.24"]
[EventType "team-swiss"]
[EventRounds "11"]
[EventCountry "GEO"]
[SourceTitle "CBM 187"]
[Source "ChessBase"]
[SourceDate "2018.12.11"]
[SourceVersion "1"]
[SourceVersionDate "2018.12.11"]
[SourceQuality "1"]
[WhiteTeam "Honduras"]
[BlackTeam "Angola"]
[WhiteTeamCountry "HON"]
[BlackTeamCountry "ANG"]

1. d4 d5 2. e3 Nf6 3. Bd3 Nbd7 4. f4 c5 5. c3 e6 6. Nd2 b6 7. Ngf3 a5 8. Qe2 Bb7 9. Ne5 Be7 10. 0-0 Qc8 11. a4 0-0 12. Rf3 Ne4 13. Rh3 f5 14. Ndf3 Ndf6 15. Bd2 Ba6 16. Bb5 Ng4 17. Rf1 Bxb5 18. Qxb5 c4 19. Bc1 Qc7 20. Qd7 Qxd7 21. Nxd7 Rfd8 22. Nde5 Rdc8 23. Nd2 Ngf6 24. Nxe4 dxe4 25. Kh1 Bd6 26. Rg3 Rab8 27. h3 b5 28. axb5 Nh5 29. Rg5 g6 30. Kh2 Kg7 31. g4 Nf6 32. gxf5 exf5 33. Rfg1 Kf8 34. R5g2 Rxb5 35. Rc2 Bxe5 36. fxe5 Nd5 37. Kg2 Kf7 38. Kf2 Rcb8 39. Ke2 Rb3 40. Rf1 Ke6 41. Rg1 a4 42. Kd2 Rg8 43. h4 h6 44. Ke2 g5 45. Bd2 Rbb8 46. hxg5 hxg5 47. Kf2 f4 48. Rg4 Kf5 49. Rg2 Rh8 50. Kg1 Rh3 51. Rh2 Rbh8 52. Bc1 Rg3+ 53. Kf1 Rhh3 54. Rcf2 Nxe3+ 55. Bxe3 Rxe3 56. Rd2 Ref3+ 57. Ke1 e3 58. Rde2 Rfg3 59. Rxh3 0-1

[Event "Figueira da Foz op 8th"]
[Site "Figueira da Foz"]
[Date "2014.11.28"]
[Round "7"]
[White "Domingos, Ediberto"]
[Black "Oliveira, Luciano"]
[Result "1/2-1/2"]
[WhiteElo "2161"]
[BlackElo "2162"]
[PlyCount "30"]
[EventDate "2014.11.23"]
[EventType "swiss"]
[EventRounds "9"]
[EventCountry "POR"]
[SourceTitle "CBM 163 Extra"]
[Source "ChessBase"]
[SourceDate "2014.12.23"]
[SourceVersion "1"]
[SourceVersionDate "2014.12.23"]
[SourceQuality "1"]

1. d4 d5 2. Nf3 Nf6 3. e3 c5 4. dxc5 Nc6 5. Be2 e6 6. 0-0 Bxc5 7. a3 0-0 8. c4 a5 9. cxd5 exd5 10. Nc3 d4 11. exd4 Nxd4 12. Nxd4 Qxd4 13. Qxd4 Bxd4 14. Kh1 Kh8 15. Kg1 Kg8 1/2-1/2

[Event "Uige op"]
[Site "Uige"]
[Date "2013.06.28"]
[Round "6"]
[White "Oliveira, Luciano"]
[Black "Agnelo, Amorim"]
[Result "1/2-1/2"]
[WhiteElo "2167"]
[BlackElo "2197"]
[PlyCount "77"]
[EventDate "2013.06.24"]
[EventType "swiss"]
[EventRounds "9"]
[EventCountry "ANG"]
[SourceTitle "EXT 2014"]
[Source "ChessBase"]
[SourceDate "2013.11.20"]
[SourceVersion "1"]
[SourceVersionDate "2013.11.20"]
[SourceQuality "1"]

1. d4 Nf6 2. g3 c5 3. d5 d6 4. a4 g6 5. Nf3 Bg7 6. Bg2 0-0 7. 0-0 Na6 8. Re1 Nc7 9. c4 a6 10. a5 Rb8 11. e4 b5 12. axb6 Rxb6 13. Qc2 Ng4 14. Nc3 f5 15. h3 Ne5 16. Nxe5 Bxe5 17. f4 Bd4+ 18. Be3 e5 19. Bxd4 exd4 20. Na4 Rb4 21. e5 Ne8 22. b3 Qc7 23. Nb2 Ng7 24. Nd3 Rb8 25. exd6 Qxd6 26. Ra5 Qb6 27. Rxc5 Qxb3 28. Qxb3 Rxb3 29. Bf1 Nh5 30. Rc7 Rb7 31. Rxb7 Bxb7 32. Re7 Rf7 33. Re5 Nxg3 34. c5 a5 35. c6 Ne4 36. Re8+ Kg7 37. Nc5 Rc7 38. Nxb7 Rxb7 39. Bc4 1/2-1/2

[Event "Uige op"]
[Site "Uige"]
[Date "2013.06.27"]
[Round "5"]
[White "Gwaze, Robert"]
[Black "Oliveira, Luciano"]
[Result "1-0"]
[WhiteElo "2433"]
[BlackElo "2167"]
[PlyCount "89"]
[EventDate "2013.06.24"]
[EventType "swiss"]
[EventRounds "9"]
[EventCountry "ANG"]
[SourceTitle "EXT 2014"]
[Source "ChessBase"]
[SourceDate "2013.11.20"]
[SourceVersion "1"]
[SourceVersionDate "2013.11.20"]
[SourceQuality "1"]

1. e4 c5 2. Nf3 Nc6 3. d4 cxd4 4. Nxd4 g6 5. Nc3 Bg7 6. Nde2 Nf6 7. g3 h5 8. h3 d6 9. Bg2 Bd7 10. f4 Qb6 11. a3 Rc8 12. Qd3 0-0 13. Be3 Qc7 14. 0-0 Rfe8 15. Kh1 Be6 16. f5 Ne5 17. Qd1 Bc4 18. fxg6 fxg6 19. Rc1 Bxe2 20. Qxe2 a6 21. Nd5 Nxd5 22. exd5 Qc4 23. Qd1 Rf8 24. Rf4 Rxf4 25. gxf4 Nf7 26. c3 Nh6 27. b3 Qb5 28. c4 Qd7 29. Qe2 Qf5 30. Bb6 Qf6 31. Qe6+ Qxe6 32. dxe6 Bb2 33. Rg1 Kh7 34. Be4 Nf5 35. a4 Rf8 36. a5 Rb8 37. Kh2 Bc3 38. Rd1 Kg7 39. Rd3 Bb2 40. b4 Kf6 41. b5 axb5 42. cxb5 d5 43. Bxd5 Nd6 44. Bc7 Ra8 45. a6 1-0

[Event "Africa-ch op"]
[Site "Tunis"]
[Date "2013.05.25"]
[Round "7"]
[White "Belkhodja, Slim"]
[Black "Oliveira, Luciano"]
[Result "1-0"]
[WhiteElo "2444"]
[BlackElo "2189"]
[PlyCount "125"]
[EventDate "2013.05.18"]
[EventType "swiss"]
[EventRounds "9"]
[EventCountry "TUN"]
[SourceTitle "CBM 154 Extra"]
[Source "ChessBase"]
[SourceDate "2013.06.25"]
[SourceVersion "2"]
[SourceVersionDate "2013.06.25"]
[SourceQuality "1"]

1. e4 c5 2. Nf3 d6 3. d4 cxd4 4. Qxd4 e5 5. Qd3 Nf6 6. Bg5 Nbd7 7. Nc3 Be7 8. Bxf6 Nxf6 9. Qe3 a6 10. Bc4 Qc7 11. Bb3 Be6 12. 0-0 h6 13. Rfd1 0-0 14. Qe2 b5 15. Ne1 Qb6 16. Nd5 Nxd5 17. Bxd5 Rac8 18. c3 Bh4 19. g3 Be7 20. Nc2 Rc5 21. Ne3 Re8 22. h4 Bf8 23. Rd2 Qd8 24. Kg2 Qf6 25. a4 Rb8 26. axb5 axb5 27. Ra7 Qd8 28. Qf3 Rc7 29. Ra1 Rc5 30. h5 Rc7 31. Nc2 Qg5 32. Ne3 Be7 33. Ra6 Bf8 34. Rd1 Bc8 35. Ra5 Be6 36. Rda1 Qe7 37. Ra8 Rcc8 38. R8a6 Rc7 39. R1a5 Bc8 40. Nf5 Qf6 41. Ra7 Rxa7 42. Rxa7 Be6 43. Bxe6 fxe6 44. Nh4 Qxf3+ 45. Kxf3 d5 46. Rd7 b4 47. Ng6 bxc3 48. bxc3 Rc8 49. Ke2 dxe4 50. Nxe5 Rxc3 51. Rd8 Ra3 52. g4 Rb3 53. Re8 Ra3 54. Kd2 Rb3 55. Kc2 Ra3 56. Kb2 Ra7 57. Kc3 Re7 58. Rd8 Ra7 59. Kd4 Ra4+ 60. Ke3 Ra7 61. Kxe4 Ra4+ 62. Kf3 Ra7 63. Nd7 1-0

[Event "Africa-ch op"]
[Site "Tunis"]
[Date "2013.05.24"]
[Round "6"]
[White "Oliveira, Luciano"]
[Black "Boudriga, Mohamed Ali"]
[Result "0-1"]
[WhiteElo "2189"]
[BlackElo "2234"]
[PlyCount "70"]
[EventDate "2013.05.18"]
[EventType "swiss"]
[EventRounds "9"]
[EventCountry "TUN"]
[SourceTitle "CBM 154 Extra"]
[Source "ChessBase"]
[SourceDate "2013.06.25"]
[SourceVersion "2"]
[SourceVersionDate "2013.06.25"]
[SourceQuality "1"]

1. d4 d5 2. Nf3 Nf6 3. c4 c6 4. Nc3 e6 5. e3 Nbd7 6. a3 Bd6 7. Bd3 0-0 8. cxd5 exd5 9. 0-0 Re8 10. Qc2 Qe7 11. b4 a6 12. Bf5 g6 13. Bh3 Ne4 14. Nxe4 dxe4 15. Nd2 Nf6 16. Bxc8 Raxc8 17. h3 Nd5 18. Nc4 Bb8 19. Bb2 b5 20. Na5 Qd6 21. g3 h5 22. h4 Qd7 23. Qe2 Qh3 24. Rfe1 Re6 25. Qf1 Qg4 26. Qe2 Qf5 27. Nb3 Rf6 28. Nd2 Re8 29. Kg2 Bc7 30. Nf1 g5 31. hxg5 Qxg5 32. Nd2 h4 33. g4 Rf3 34. Rg1 Nxe3+ 35. fxe3 Qxg4+ 0-1

[Event "Africa-ch op"]
[Site "Tunis"]
[Date "2013.05.19"]
[Round "2"]
[White "Elarbi, Abobker"]
[Black "Oliveira, Luciano"]
[Result "1/2-1/2"]
[WhiteElo "2272"]
[BlackElo "2189"]
[PlyCount "117"]
[EventDate "2013.05.18"]
[EventType "swiss"]
[EventRounds "9"]
[EventCountry "TUN"]
[SourceTitle "CBM 154 Extra"]
[Source "ChessBase"]
[SourceDate "2013.06.25"]
[SourceVersion "2"]
[SourceVersionDate "2013.06.25"]
[SourceQuality "1"]

1. d4 d5 2. Nf3 Nf6 3. c4 c6 4. Nc3 g6 5. cxd5 cxd5 6. e3 Bg7 7. Bd3 0-0 8. 0-0 Nc6 9. a3 a6 10. b4 Bg4 11. Be2 b5 12. Bb2 Rc8 13. Qb3 Qd6 14. h3 Bf5 15. Rac1 Rfd8 16. Rfd1 Be6 17. Na2 Ne4 18. a4 Qb8 19. axb5 axb5 20. Nc3 Na7 21. Ne1 Nxc3 22. Bxc3 Bf5 23. Ra1 Nc6 24. Bd3 Be6 25. Rdc1 Qb7 26. Nc2 Rc7 27. Na3 Na7 28. Bd2 Rdc8 29. Qd1 Rxc1 30. Rxc1 Rxc1 31. Qxc1 Bd7 32. Nc2 e6 33. Na1 Nc8 34. Nb3 Be8 35. Na5 Qb8 36. Qc5 Bf8 37. Qc3 Nd6 38. Nb3 Nc4 39. Nc5 Qa8 40. Bb1 Bg7 41. Nd3 Qa3 42. Qxa3 Nxa3 43. Ba2 Bf8 44. Kf1 Bd6 45. Ke2 Kf8 46. Bc3 Ke7 47. Bb3 Bc6 48. f3 f6 49. Bb2 Nc4 50. Bc1 f5 51. Bd2 Kf6 52. Bc3 g5 53. g4 Be8 54. Be1 h5 55. Nf2 Bg6 56. Nd1 fxg4 57. fxg4 Kg7 58. Bxc4 dxc4 59. Bc3 1/2-1/2

[Event "Olympiad-40"]
[Site "Istanbul"]
[Date "2012.09.05"]
[Round "8.3"]
[White "Oliveira, Luciano"]
[Black "Boydia, Sidi"]
[Result "1/2-1/2"]
[WhiteElo "2208"]
[BlackElo "2024"]
[PlyCount "182"]
[EventDate "2012.08.28"]
[EventType "team-swiss"]
[EventRounds "11"]
[EventCountry "TUR"]
[SourceTitle "CBM 151"]
[Source "ChessBase"]
[SourceDate "2012.11.13"]
[SourceVersion "1"]
[SourceVersionDate "2012.11.13"]
[SourceQuality "1"]
[WhiteTeam "Angola"]
[BlackTeam "Mauritania"]
[WhiteTeamCountry "ANG"]
[BlackTeamCountry "MAU"]

1. d4 d5 2. Nf3 Nf6 3. c4 c6 4. Nc3 e6 5. e3 Nbd7 6. Bd3 dxc4 7. Bxc4 b5 8. Bd3 a6 9. a4 Bb7 10. 0-0 b4 11. Nb1 c5 12. Nbd2 Be7 13. Qe2 0-0 14. Nc4 cxd4 15. exd4 Nb6 16. Nce5 a5 17. Be3 Bd5 18. Nd2 Qc7 19. Rfc1 Qb7 20. Bb5 Rfc8 21. Rxc8+ Qxc8 22. Qd1 Qb7 23. Rc1 Rc8 24. f3 Ne8 25. Rxc8 Qxc8 26. Ne4 Nd6 27. Bd3 f6 28. Nxd6 Bxd6 29. Ng4 Qc6 30. Bb5 Qc7 31. h3 b3 32. Bd2 Nc4 33. Bc3 h5 34. Bxc4 Qxc4 35. Ne3 Qxa4 36. Nxd5 exd5 37. Qe1 Kf7 38. Qf1 Bb4 39. Qd3 Bxc3 40. Qxc3 Qc4 41. Qxa5 Qxd4+ 42. Kh1 Qxb2 43. Qxd5+ Kg6 44. g4 Qb1+ 45. Kg2 Qc2+ 46. Kh1 hxg4 47. hxg4 f5 48. gxf5+ Kg5 49. f6+ Kxf6 50. Qd6+ Kf5 51. Qf8+ Kg6 52. Qe8+ Kg5 53. Qe5+ Kh6 54. Qe6+ g6 55. Qe3+ Kh5 56. Qe5+ g5 57. Qh8+ Kg6 58. Qe8+ Kf5 59. Qf7+ Ke5 60. Qg7+ Kf4 61. Qf6+ Kg3 62. Qxg5+ Kxf3 63. Qh5+ Ke3 64. Qg5+ Kd3 65. Qf5+ Kd2 66. Qf4+ Kd1 67. Qf1+ Kd2 68. Qf4+ Kc3 69. Qe5+ Kb4 70. Qe7+ Qc5 71. Qe1+ Kb5 72. Qf1+ Qc4 73. Qf5+ Kb4 74. Qf8+ Kc3 75. Qf6+ Kc2 76. Qf5+ Kb2 77. Qe5+ Qc3 78. Qe2+ Qc2 79. Qe5+ Kb1 80. Qb5 b2 81. Qb6 Qc3 82. Qb5 Kc2 83. Qe2+ Kb3 84. Qb5+ Qb4 85. Qd3+ Ka2 86. Qa6+ Qa3 87. Qc4+ Kb1 88. Qf1+ Ka2 89. Qc4+ Ka1 90. Qd4 Qg3 91. Qxb2+ Kxb2 1/2-1/2

[Event "Olympiad-40"]
[Site "Istanbul"]
[Date "2012.09.03"]
[Round "6.3"]
[White "Madrigal, Mariano"]
[Black "Oliveira, Luciano"]
[Result "1-0"]
[WhiteElo "2155"]
[BlackElo "2208"]
[PlyCount "89"]
[EventDate "2012.08.28"]
[EventType "team-swiss"]
[EventRounds "11"]
[EventCountry "TUR"]
[SourceTitle "CBM 151"]
[Source "ChessBase"]
[SourceDate "2012.11.13"]
[SourceVersion "1"]
[SourceVersionDate "2012.11.13"]
[SourceQuality "1"]
[WhiteTeam "Nicaragua"]
[BlackTeam "Angola"]
[WhiteTeamCountry "NCA"]
[BlackTeamCountry "ANG"]

1. e4 c6 2. d4 d5 3. exd5 cxd5 4. Bd3 Nf6 5. c3 Nc6 6. Bf4 e6 7. Nf3 Nh5 8. Be3 Qc7 9. 0-0 Nf6 10. Re1 Be7 11. h3 0-0 12. Nbd2 Bd6 13. Rc1 Bd7 14. Qe2 h6 15. Bb1 Nh7 16. c4 f5 17. cxd5 exd5 18. Nb3 Rae8 19. Qc2 Qd8 20. Nc5 Bc8 21. Nd3 Nb4 22. Nxb4 Bxb4 23. Bd2 Bd6 24. Ne5 Qb6 25. Be3 Nf6 26. f3 Bb4 27. Re2 Bd6 28. Bf2 Re7 29. a3 Rfe8 30. Ba2 Kh7 31. Qd3 Be6 32. Rce1 Bc8 33. Bb1 Qc7 34. Bg3 Nh5 35. Bh2 Kg8 36. g4 Nf6 37. gxf5 Nd7 38. Ba2 Nf6 39. Kh1 Qb6 40. Ng4 Rxe2 41. Nxf6+ gxf6 42. Rxe2 Rxe2 43. Qxe2 Bxf5 44. Qe8+ Kg7 45. Bxd5 1-0